000
00290nam a22001337a 4500
008
171004b xxu||||| |||| 00| 0 eng d
020
_a
0898595320
041
_a
eng
080
_a
159.9
100
_a
48
101
_a
PSI
245
_a
ANXIETY AND THE ANXIETY
_c
TUMA,A.H
942
_2
udc
_c
BK
999
_c
31546
_d
31546